Introduction to probability and stochastic processes with applications
Saved in:
| Main Authors: | , , |
|---|---|
| 格式: | 圖書 |
| 語言: | 英语 |
| 出版: |
Hoboken
Wiley a John Wiley and Sons
2012
|
| 版: | 1a. ed |
| 主題: | |
| 標簽: |
添加標簽
沒有標簽, 成為第一個標記此記錄!
|
MARC
| LEADER | 00000cam a2200000 a 4500 | ||
|---|---|---|---|
| 001 | UCD8945 | ||
| 003 | CL-VaPUC | ||
| 008 | 170527e20120000us |||||||||||||||||eng|d | ||
| 020 | |a 9781118294406 | ||
| 082 | 0 | 4 | |a 519.2 |b BLA |2 21 |
| 100 | 0 | |a Blanco Castañeda, Liliana |e author |9 592563 | |
| 700 | 0 | |a Arunachalam, Viswanathan |e author |9 592564 | |
| 700 | 0 | |a Dharmaraja, Delvamuthu |e author |9 592565 | |
| 245 | 1 | 0 | |a Introduction to probability and stochastic processes with applications |
| 250 | |a 1a. ed | ||
| 300 | |a 589 p | ||
| 942 | |c BK | ||
| 945 | |d 20170527 00:32:00 |a arojas | ||
| 260 | |a Hoboken |b Wiley a John Wiley and Sons |c 2012 | ||
| 650 | 0 | |a Probabilidad |9 349606 | |
| 650 | 0 | |a Teoría de las probabilidades |9 263762 | |
| 650 | 0 | |a Procesos estocásticos |9 260364 | |
| 583 | |a last modification |c 20170527 00:32:00 |k Rodrigo Vera | ||
| 999 | |c 368251 |d 368249 | ||
| 952 | |0 0 |1 0 |3 erd |4 0 |6 519_200000000000000_BLA_2012 |7 0 |8 A |9 483530 |a BIBMAT |b BIBMAT |i 5378168 |o 519.2 BLA 2012 |p 5378168 |r 2025-01-07 |w 2019-11-24 |y BK |z Catalogado en:20170527 |k MAT | ||